000 01440nam a22002777a 4500
005 20100517095936.0
008 100517t xxu||||| |||| 00| 0 hin d
010 _aHIN-89351
020 _a9788170288480
_c165.00
035 _aHN-61697
037 _bDBAD /PUB
040 _aDPL
_bHN
082 _a796.358
100 _aबुकैनन, जॉन
_921802
245 _aट्वेंटी-20 क्रिकेटः
_cजॉन बुकैनन; महेन्द्र कुलश्रेष्ठ द्वारा अनुदित
_bएक नई क्रान्ति /
246 _aTwenty-20 Cricket: Ek Nai Kranti/
_bby John Buchanan
260 _aदिल्ली
_bराजपाल एंड संज
_c2010
270 _aकश्मीरी गेट
_bदिल्ली
_e110006
300 _a176पृ
_c22सेमी (सजिल्द)
500 _a(संस्कत के प्रसिद्ध नाटक मृच्छकटिकम् का हिन्दी रूपान्तर)
500 _aसंस्कृत के कालजयी अमर ग्रंथ
700 _aकुलश्रेष्ठ, महेन्द्र
_921803
942 _2ddc
_cHN
_mबुकैन
999 _c36147
_d36147